Limity súčasného systému medzinárodných vzťahov
Základné limity systému medzinárodných vzťahov. Tri súbory limitov. Niektoré aspekty problematiky hegemónie, stability a bezpečnosti v medzinárodných vzťahoch. Vnímanie reflexie geopolitického správania USA. Súčasný vývoj v medzinárodných vzťahoch.
Gespeichert in:
| 1. Verfasser: | |
|---|---|
| Format: | Buchkapitel |
| Sprache: | Slowakisch |
| Schlagworte: | |
| Tags: |
Keine Tags, Fügen Sie das erste Tag hinzu!
|
MARC
| LEADER | 00000naa$a2200000$$$4500 | ||
|---|---|---|---|
| 001 | 0038262 | ||
| 005 | 20240502071458.8 | ||
| 041 | 0 | |a slo | |
| 044 | |a SK | ||
| 245 | 1 | 0 | |a Limity súčasného systému medzinárodných vzťahov |c Peter Barát |
| 520 | |a Základné limity systému medzinárodných vzťahov. Tri súbory limitov. Niektoré aspekty problematiky hegemónie, stability a bezpečnosti v medzinárodných vzťahoch. Vnímanie reflexie geopolitického správania USA. Súčasný vývoj v medzinárodných vzťahoch. | ||
| 610 | 2 | 0 | |a vzťahy medzinárodné |
| 610 | 2 | 0 | |a politika zahraničná |
| 610 | 2 | 0 | |a systémy politické |
| 610 | 2 | 0 | |a USA |
| 610 | 2 | 0 | |a moc politická |
| 610 | 2 | 0 | |a bezpečnosť |
| 610 | 2 | 0 | |a politika svetová |
| 610 | 2 | 0 | |a geopolitika |
| 100 | 1 | |a Barát, Peter | |